Click the Year in Cinema - Statistics

General Stats
  • This quiz has been taken 362 times
  • The average score is 10 of 15
Answer Stats
Hint Answer % Correct
The Fellowship of the Ring, Harry Potter and the Sorcerer’s Stone, Shrek, Spirited Away, Mulholland Drive, Black Hawk Down, A Beautiful Mind, Donnie Darko, Memento, Monsters, Inc., Ocean’s Eleven, Amélie 2001
88%
Parasite, 1917, Joker, Once Upon a Time…in Hollywood, The Irishman, Knives Out, Ford v Ferrari, Jojo Rabbit, Midsommar, Us, Avengers: Endgame, Spider-Man: Far From Home, Toy Story 4 2019
88%
Interstellar, Guardians of the Galaxy, John Wick, Gone Girl, Birdman, Whiplash, Grand Budapest Hotel, Captain America: The Winter Soldier, Nightcrawler, Edge of Tomorrow 2014
87%
No Country for Old Men, There Will Be Blood, The Bourne Ultimatum, Zodiac, Ratatouille, Into the Wild, Juno, Atonement, Michael Clayton, Superbad, Transformers, 300, I Am Legend 2007
80%
Titanic, Good Will Hunting, L.A. Confidential, Men in Black, The Fifth Element, Boogie Nights, Jackie Brown, Face/Off, As Good as It Gets, Gattaca 1997
77%
Star Wars, Close Encounters of the Third Kind, Annie Hall, Saturday Night Fever, Eraserhead, Suspiria, The Hills Have Eyes, The Spy Who Loved Me, Wizards, Pumping Iron 1977
76%
Pulp Fiction, The Shawshank Redemption, Forrest Gump, The Lion King, Speed, Dumb and Dumber, Four Weddings and a Funeral, The Mask, True Lies, Clerks, The Crow, Leon: The Professional, Hoop Dreams 1994
72%
The Matrix, Fight Club, The Sixth Sense, American Beauty, The Green Mile, Toy Story 2, Being John Malkovich, Magnolia, Eyes Wide Shut, The Iron Giant, The Blair Witch Project, Star Wars: The Phantom Menace, Office Space 1999
69%
The Empire Strikes Back, Raging Bull, The Shining, Airplane!, The Elephant Man, Friday the 13th, The Blues Brothers, Caddyshack, Ordinary People, Nine to Five 1980
64%
Terminator 2: Judgment Day, The Silence of the Lambs, Beauty and the Beast, Thelma & Louise, JFK, Point Break, Hook, Boyz n the Hood, Cape Fear, Barton Fink 1991
61%
Jaws, One Flew Over the Cuckoo’s Nest, Monty Python and the Holy Grail, Dog Day Afternoon, Barry Lyndon, Nashville, The Rocky Horror Picture Show 1975
59%
E.T., Blade Runner, The Thing, Star Trek II: The Wrath of Khan, Tron, Conan the Barbarian, Tootsie, Gandhi, Fast Times at Ridgemont High, Poltergeist, First Blood, The Dark Crystal 1982
57%
Back to the Future, The Goonies, The Breakfast Club, Rocky IV, Out of Africa, Pee-Wee’s Big Adventure, Clue, Witness, A View to a Kill, The Color Purple, Mad Max Beyond Thunderdome 1985
57%
Batman, Indiana Jones and the Last Crusade, Back to the Future Part 2, Ghostbusters II, Lethal Weapon 2, Dead Poets Society, The Little Mermaid, Heathers, Do the Right Thing 1989
55%
Ghostbusters, The Terminator, Indiana Jones and the Temple of Doom, Gremlins, A Nightmare on Elm Street, The Karate Kid, Beverly Hills Cop, The NeverEnding Story, This Is Spinal Tap, Amadeus, Purple Rain 1984
46%
No matching quizzes found
Score Distribution
Percent of People with Each Score
Percentile by Number Answered
Your Score History
You have not taken this quiz